[Event "Baden-ch U18/20"]
[Site "Karlsruhe"]
[Date "2014.01.05"]
[Round "6"]
[White "Firat, Kaan"]
[Black "Clancy, Jonathan"]
[Result "1/2-1/2"]
[WhiteElo "1729"]
[BlackElo "1880"]
[PlyCount "33"]
[EventDate "2014.01.??"]
[EventType "swiss"]
[EventRounds "7"]
[EventCountry "GER"]
[SourceTitle "EXT 2022"]
[Source "ChessBase"]
[SourceDate "2021.10.06"]
[SourceVersion "1"]
[SourceVersionDate "2021.10.06"]
[SourceQuality "1"]

1. e4 e5 2. Nf3 Nf6 3. d4 Nxe4 4. Bd3 d5 5. Nxe5 Nd7 6. Nxd7 Bxd7 7. 0-0 Bd6 8. c4 c6 9. cxd5 cxd5 10. Nc3 Nxc3 11. bxc3 0-0 12. Qh5 g6 13. Qxd5 Bc6 14. Qb3 Bxh2+ 15. Kxh2 Qh4+ 16. Kg1 Bxg2 17. Kxg2 1/2-1/2

[Event "Baden-ch U18/20"]
[Site "Karlsruhe"]
[Date "2014.01.04"]
[Round "5"]
[White "Clancy, Jonathan"]
[Black "Schell, Felix"]
[Result "1/2-1/2"]
[WhiteElo "1880"]
[BlackElo "1800"]
[PlyCount "48"]
[EventDate "2014.01.??"]
[EventType "swiss"]
[EventRounds "7"]
[EventCountry "GER"]
[SourceTitle "EXT 2022"]
[Source "ChessBase"]
[SourceDate "2021.10.06"]
[SourceVersion "1"]
[SourceVersionDate "2021.10.06"]
[SourceQuality "1"]

1. e4 c5 2. Nf3 d6 3. d4 cxd4 4. Nxd4 Nf6 5. Nc3 a6 6. Bg5 e6 7. f4 Be7 8. Qf3 Qc7 9. 0-0-0 Nbd7 10. g4 b5 11. Bxf6 Nxf6 12. g5 Nd7 13. f5 Bxg5+ 14. Kb1 Ne5 15. Qh5 Bf6 16. fxe6 0-0 17. Nd5 Qd8 18. e7 Bxe7 19. Nf5 Bxf5 20. exf5 Rc8 21. Rg1 Bf6 22. Bh3 Rc4 23. Qe2 Kh8 24. Bg2 a5 1/2-1/2

[Event "Baden-ch U16"]
[Site "Karlsruhe Durlach"]
[Date "2012.01.05"]
[Round "7"]
[White "Clancy, Jonathan"]
[Black "Katz, Simon"]
[Result "0-1"]
[WhiteElo "1522"]
[BlackElo "1440"]
[PlyCount "50"]
[EventDate "2012.01.02"]
[EventType "swiss"]
[EventRounds "7"]
[EventCountry "GER"]
[SourceTitle "EXT 2015"]
[Source "ChessBase"]
[SourceDate "2014.11.20"]
[SourceVersion "1"]
[SourceVersionDate "2014.11.20"]
[SourceQuality "1"]

1. d4 d5 2. c4 e6 3. Nc3 Nf6 4. cxd5 exd5 5. Bg5 Be7 6. Qc2 Nc6 7. e3 Be6 8. a3 Nd7 9. Bf4 Bg5 10. Bg3 a6 11. Bd3 g6 12. Nf3 Bf6 13. Ne2 Nb6 14. Nf4 Qe7 15. Nd2 0-0 16. h4 Bc8 17. 0-0-0 Re8 18. h5 Bg4 19. Rdf1 Bg5 20. hxg6 fxg6 21. Qb3 Bxf4 22. Bxf4 a5 23. Qc2 Qf7 24. Rh2 Nxd4 25. Qxc7 Rac8 0-1